Who really wrote the book of Mormon? / (Record no. 3612)

MARC details
000 -LEADER
fixed length control field 00873nam a2200301Ii 4500
001 - CONTROL NUMBER
control field 3535570
003 - CONTROL NUMBER IDENTIFIER
control field OSt
005 - DATE AND TIME OF LATEST TRANSACTION
control field 20181115180606.0
008 - FIXED-LENGTH DATA ELEMENTS--GENERAL INFORMATION
fixed length control field 780106s1977 cauah b 000 0 eng d
010 ## - LIBRARY OF CONGRESS CONTROL NUMBER
LC control number 77085120
020 ## - INTERNATIONAL STANDARD BOOK NUMBER
International Standard Book Number 0884490688
Terms of availability $4.98.
035 ## - SYSTEM CONTROL NUMBER
System control number tcgc67448
040 ## - CATALOGING SOURCE
Original cataloging agency AAA
Transcribing agency AAA
Modifying agency LTS
082 ## - DEWEY DECIMAL CLASSIFICATION NUMBER
Classification number 289.3
Item number M379W
090 ## - LOCALLY ASSIGNED LC-TYPE CALL NUMBER (OCLC); LOCAL CALL NUMBER (RLIN)
Classification number (OCLC) (R) ; Classification number, CALL (RLIN) (NR) BX8627
Local cutter number (OCLC) ; Book number/undivided call number, CALL (RLIN) .W56
245 00 - TITLE STATEMENT
Title Who really wrote the book of Mormon? /
Statement of responsibility, etc. Howard A. Davis, Donald R. Scales & Wayne L. Cowdrey with Gretchen Passantino.
260 ## - PUBLICATION, DISTRIBUTION, ETC.
Place of publication, distribution, etc. Santa Ana, Ca. :
Name of publisher, distributor, etc. Vision House,
Date of publication, distribution, etc. c1977.
300 ## - PHYSICAL DESCRIPTION
Extent 257 p. :
Other physical details ill., facs. ;
Dimensions 21 cm.
504 ## - BIBLIOGRAPHY, ETC. NOTE
Bibliography, etc. note Bibliography: p. [255]-257.
630 00 - SUBJECT ADDED ENTRY--UNIFORM TITLE
Uniform title Book of Mormon.
650 #0 - SUBJECT ADDED ENTRY--TOPICAL TERM
Topical term or geographic name entry element Mormons.
650 #0 - SUBJECT ADDED ENTRY--TOPICAL TERM
Topical term or geographic name entry element Mormons.
700 1# - ADDED ENTRY--PERSONAL NAME
Personal name Davis, Howard A.
700 1# - ADDED ENTRY--PERSONAL NAME
Personal name Scales, Donald R.
700 1# - ADDED ENTRY--PERSONAL NAME
Personal name Cowdrey, Wayne L.
700 1# - ADDED ENTRY--PERSONAL NAME
Personal name Passantino, Gretchen.
942 ## - ADDED ENTRY ELEMENTS (KOHA)
Source of classification or shelving scheme Dewey Decimal Classification
Koha item type Books
Holdings
Withdrawn status Lost status Source of classification or shelving scheme Damaged status Not for loan Collection code Home library Current library Shelving location Date acquired Cost, normal purchase price Total Checkouts Full call number Barcode Date last seen Price effective from Koha item type
    Dewey Decimal Classification     Non-fiction Harvest Mission College Harvest Mission College General Stacks 15.11.2018 360.00   289.3 M379W 004163 15.11.2018 15.11.2018 Books

OPAC Designed and Maintained by HMC Library Team.
Copyright © HMC Library,Greater Noida, UP.
For any Suggestions/Query Contact library via Email:libhmc@gmail.com